French bidder buys Phillips (Record no. 61266)
[ view plain ]
| 000 -LEADER | |
|---|---|
| fixed length control field | 00706cam a2200229 4500 |
| 001 - CONTROL NUMBER | |
| control field | WB3545-01 |
| 008 - FIXED-LENGTH DATA ELEMENTS--GENERAL INFORMATION | |
| fixed length control field | 000000n1999 000 0 eng u |
| 035 ## - SYSTEM CONTROL NUMBER | |
| System control number | (Sirsi) u102215 |
| 245 ## - TITLE STATEMENT | |
| Title | French bidder buys Phillips |
| 260 ## - PUBLICATION, DISTRIBUTION, ETC. | |
| Date of publication, distribution, etc. | 1999 |
| 490 ## - SERIES STATEMENT | |
| Series statement | Times |
| Volume/sequential designation | 16 November 1999, 6(1) |
| 520 ## - SUMMARY, ETC. | |
| Summary, etc. | Britain's third largest auction house, Phillips has been bought by the French businessman Bernard Arnault, for £70m. This leaves only Bonhams in British control. |
| 590 ## - LOCAL NOTE (RLIN) | |
| Local note | WB |
| 650 0# - SUBJECT ADDED ENTRY--TOPICAL TERM | |
| Topical term or geographic name entry element | PHILLIPS |
| 650 0# - SUBJECT ADDED ENTRY--TOPICAL TERM | |
| Topical term or geographic name entry element | TAKEOVERS |
| 650 0# - SUBJECT ADDED ENTRY--TOPICAL TERM | |
| Topical term or geographic name entry element | AUCTION HOUSES |
| 650 0# - SUBJECT ADDED ENTRY--TOPICAL TERM | |
| Topical term or geographic name entry element | FRANCE |
| 650 0# - SUBJECT ADDED ENTRY--TOPICAL TERM | |
| Topical term or geographic name entry element | BERNARD ARNAULT |
| 690 ## - LOCAL SUBJECT ADDED ENTRY--TOPICAL TERM (OCLC, RLIN) | |
| Topical term or geographic name as entry element | Arts and antiques |
| 9 (RLIN) | 6217 |
| 856 ## - ELECTRONIC LOCATION AND ACCESS | |
| -- | http://www.detr.gov.uk |
| 942 ## - ADDED ENTRY ELEMENTS (KOHA) | |
| Suppress in OPAC | 0 |
| Withdrawn status | Lost status | Source of classification or shelving scheme | Damaged status | Not for loan | Home library | Current library | Shelving location | Date acquired | Total Checkouts | Full call number | Barcode | Date last seen | Copy number | Price effective from | Koha item type |
|---|---|---|---|---|---|---|---|---|---|---|---|---|---|---|---|
| Dewey Decimal Classification | London | London | News article | 17/11/1999 | WB3545-01 | 102215-1001 | 06/08/2019 | 1 | 06/08/2019 | Journal article |